MDQL
is popping MORE tags! Check the
thread
!
Quizzes
Events
Quiz Creation
Community
Videos
Private Events
Remove Ads
Sign In
Join for FREE
Feedback
Dark Mode
Quiz Categories
Sports
Geography
Music
Movies
Television
Just For Fun
Miscellaneous
History
Literature
Language
Science
Gaming
Entertainment
Religion
Holiday
For Kids
Quiz Lab
Recent
Popular Today
Quiz Kudos Today
Editor Picks
Curator Picks
Quizzes by...
Day
Popularity
Type
Ratings
Length
Year
Community
Subscriptions
Recent Discussions
Orange Saloon
Badges
Playlists
Quests
Create
Leaderboards
Showdown
Live 5
Trivia Bingo
Activity
Puzzle Library
Sporcle Events
Private Events
Virtual Trivia
Globe League
Become a Host
Pub Owners
SporcleCon
Opinionation
Our Games
Videos
Blog
Mobile Apps
Partnerships
Remove Ads and Go Orange
Feedback
Science
Computer
Plants
Astronomy
Chemistry
Elements
Math
Animal
Physics
Anatomy
Biology
Geology
General Science
Science
Computer
Plants
Astronomy
Chemistry
Elements
Math
Animal
Physics
Anatomy
Biology
Geology
General Science
Random Quiz
Search Sporcle
×
Quiz Lab
Quiz Lab
Science
Eukaryote
Type in answers that appear in a list
Type in answers that appear in a list
Classic
Best Score? Go Orange.
The origin of Eukaryotes Stats
Can you name the The origin of Eukaryotes?
By
BethHughes
20m
45 Questions
8 Plays
8 Plays
8 Plays
Comments
Comments
Give Quiz Kudos
Give Quiz Kudos
-
- Ratings
hide this ad
Replay
Link that replays current quiz
Next Quiz
Link to next quiz in quiz playlist
You Got
0%
They Got
Avg Score
48%
Avg Friend Score
Upgrade to see
Score Distribution
Jump to the score distribution portion of the page
Score
0/45
Timer
20:00
0
Plays Today
Hint
Answer
% Correct
Mitochondria come from where?
Bacteria
87.5%
Which domain has the most diversity?
Bacteria
87.5%
What were they noticed to have similarities with?
Cyanobacteria
62.5%
Chloroplast come from where?
Cyanobacteria
62.5%
Nuclear genes come from where?
Archaea
62.5%
What was it most closely related to?
Archaea
62.5%
The common ancesotor of archaea and eucrya was a what?
Prokaryote
62.5%
Embley 2003 found what in a parasite?
Mitochondria
62.5%
So what does this mean that they were in?
Early diverging prokaryotes
62.5%
DPANN
62.5%
Mitochondria reduce the number of what to maintain the necessary energy for a cell?
Genes
62.5%
What did it engulf to enable the development of eucarya?
Mitochondria
62.5%
Mereshkowski looked at what?
Chloroplasts
50%
What did he notice about them?
Never emerged
50%
What did he say the host cell was?
Eukaryote
50%
What type of eucarya branched off from archaea?
Amiitochndriate eukarote
50%
One site can only have a certain number of what?
Amino acids
50%
Cox et al 2008 used what approach?
Bayesian
50%
What model did he produce?
2 domains
50%
Where was eucarya?
In Archaea
50%
Halophiles
50%
Crenarchaeota live where?
Hot and acidic
50%
The discovery of which new groups helped to show they weren't holdovers of the Archaean?
TACK
50%
Hint
Answer
% Correct
Lokiarchaeota
50%
Why were archaea originally not picked up by early methods?
Unusual genetics
50%
Lokarchaeota share what with eucarya?
Eukaryote specific genes
50%
What do they code?
Cytoskeleton
50%
What does this suggest they had the ability to do?
Engulf
50%
Phagocytosis first
50%
What are the 2 leading hypotheses for the origin of eukaryotes?
Mitochondria first
50%
The M one is based on what idea?
All eukaryotes have mitochondria
50%
The hydrogen hypothesis states that a community of cells are exchanging what?
Electrons
50%
What does this provide more energy for?
Nuclear genes
50%
What did it evolve to enable engulfing?
Cytoskeleton
50%
What did Carl Woesse focus on?
Ribosomal RNA
37.5%
Euryarchaeota are what?
Methanogens
37.5%
As all cells gain energy from a proton gradient, what is there a constraint on?
Surface area to volume ratio
37.5%
So what does this enable a mitochondria bearing cell to do?
Get bigger
37.5%
What is the key thing for these theories?
Age of mitochondria
37.5%
What does it state that it drove for eucarya?
Evolution of complex cells
25%
What does this suggest happened between 2 prokaryotes?
One engulfed the other
25%
Why is this?
Requirements in its biochemistry
12.5%
And for improved efficiency, they did what?
Expand surface area
12.5%
The PHAT theory includes a what?
Phagocytosing archaeon
12.5%
The endosymbiotic theory states that eukaryotes contain what?
Prokaryotes
0%
Quiz Playlist
Details
Report
Send in Message
Add To Playlist
Classic:
Type in answers that appear in a list
Last Updated: May 14, 2017
Quiz Scoreboard
CHALLENGE
Sign Up to Join the Scoreboard
Show All
Scores
Hide
Comments
May contain spoilers
Recently Published
Holiday 10x10 Sorting Gallery
by lukepisani3
Holiday
15m
Two Season TV Shows II
by 123Four
Television
10m
Image Sorting: Flags VI
by Barbecue
Geography
2m
More to Explore
Quiz From the Vault
Featured Blog Post
14 Easter Pick-up Lines to Find Eggs With
hide this ad
You Might Also Like...
Tags
Eukaryote
origin
Today's Top Quizzes in Science
Browse Science
hide this ad
Today's Top Quizzes in Eukaryote
Browse Eukaryote
Top Contributed Quizzes in Science
1
Mitosis Sporcle for Escape Room
2
Windmill: Elements
3
DNA Speed Challenge For Breakout Box
4
200 Vogels in Nederland
5
Elements In Images
6
Glycolysis
7
Quick Pick: 'CI-CJ' Animals
8
Astronomy Spelling Bee
9
perfect squares 1-25
10
Periodic Table of Elements by Abbreviations
Explore More
Trending Topics
Disney
Kpop
NBA
Marvel
Crossword
Harry Potter
Anime
Pokémon
Soccer
Country
Song
WWE
Puzzle
The Office
NFL
hide this ad
More By:
BethHughes
Quiz
Plays
Rating
Category
Featured
Created
Soil classification
48
Science
May 4, 2017
Mauritius
25
5.00
Science
May 6, 2017
Biodiversity
16
Science
Apr 29, 2017
Discrimination, Generalisation and Categorisation
15
Science
May 5, 2017
Estuaries
15
Science
May 7, 2017
Go to Creator's Profile
Score Distribution
Quiz Creator Spotlight
BethHughes
Follow
Send a Message
Quizzes Created
-
Created Quiz Play Count
-
More By This Creator
Popular Quizzes Today
1
Find the US States - No Outlines Minefield
2
Colored Red Africa Blitz
3
Find the 'City' Movie
4
The Countries of the World
5
Find the US States
6
5x2 Blitz: Bands
7
Find the Countries of Europe - No Outlines Minefield
8
US States
More Science Quizzes
'C' in Astronomy
Published
Trending Quizzes
Colored Red Europe Blitz I
Colored Red Europe Blitz II
Colored Red Africa Blitz II
Colored Red Europe Blitz III
Colored Red Africa Blitz III
Recently Updated
Odd Team Out - Big 4 Players
pecheneg
Quick Pick: 20 Twenties
pecheneg
March Madness Men's Triple Doubles
pecheneg
How Do You Spell That?
pecheneg
Godzilla Movies
pecheneg
Grab Bag: 4-10 Letters
pecheneg
2024 March Madness Bracket
pecheneg
Famous TV Couples
Peacemaker
Champions League XIs: Real Madrid
pecheneg
Largest US Cities 1790-2010
pecheneg
Trending Topics
Marvel
NBA
Kpop
Harry Potter
Disney
Crossword
Anime
Song
WWE
NFL
Puzzle
The Office
Country
Pokémon
Soccer
Your Account Isn't Verified!
In order to create a playlist on Sporcle, you need to verify the email address you used during registration. Go to your
Sporcle Settings
to finish the process.
Report this User
Report this user for behavior that violates our
Community Guidelines
.
Details:
Send Report
Go to the Sporcle.com Mobile Site →
Comments